Catalog

Record Details

Catalog Search



John F. Kennedy  Cover Image Book Book

John F. Kennedy / by Grace Hansen.

Hansen, Grace. (Author).

Summary:

A biography of United States President John F. Kennedy.

Record details

  • ISBN: 9781629700908
  • ISBN: 1629700908
  • Physical Description: 24 pages : illustrations, map ; 24 x 29 cm.
  • Publisher: Minneapolis, Minnesota : Abdo Kids, 2015

Content descriptions

General Note:
Includes index.
"35th President of the United States of America"--Cover.
Formatted Contents Note:
Early life -- Family -- Becoming president -- Presidency -- More facts.
Subject: Kennedy, John F. (John Fitzgerald), 1917-1963 > Juvenile literature.
Presidents > United States > Biography > Juvenile literature.
Genre: Biographies.

Available copies

  • 1 of 1 copy available at scottsboropl.

Holds

  • 0 current holds with 1 total copy.
Show Only Available Copies
Location Call Number / Copy Notes Barcode Shelving Location Status Due Date
scottsboropl J 973.92 Han 32269001191983 Juvenile - NonFiction Available -

LDR 01511nam a2200397 i 4500
001153598
003CONS
00520200219141955.0
008131022s2015 mnuab j 001 0beng
010 . ‡a 2013953018
020 . ‡a9781629700908 ‡q(hardback)
020 . ‡a1629700908 ‡q(hardback)
035 . ‡a(CPomAG)LMN616103
042 . ‡apcc
043 . ‡an-us---
05000. ‡aE842.Z9 ‡bH23 2015
08200. ‡a973.922092 ‡aB ‡223
1001 . ‡aHansen, Grace.
24510. ‡aJohn F. Kennedy / ‡cby Grace Hansen.
264 1. ‡aMinneapolis, Minnesota : ‡bAbdo Kids, ‡c2015
300 . ‡a24 pages : ‡billustrations, map ; ‡c24 x 29 cm.
336 . ‡atext ‡btxt ‡2rdacontent
337 . ‡aunmediated ‡bn ‡2rdamedia
338 . ‡avolume ‡bnc ‡2rdacarrier
4901 . ‡aUnited States president biographies
500 . ‡aIncludes index.
500 . ‡a"35th President of the United States of America"--Cover.
5050 . ‡aEarly life -- Family -- Becoming president -- Presidency -- More facts.
5200 . ‡aA biography of United States President John F. Kennedy.
60010. ‡aKennedy, John F. ‡q(John Fitzgerald), ‡d1917-1963 ‡vJuvenile literature.
650 0. ‡aPresidents ‡zUnited States ‡vBiography ‡vJuvenile literature.
655 7. ‡aBiographies. ‡2lcgft
8001 . ‡aHansen, Grace. ‡tUnited States president biographies.
914 . ‡aSCP_LP
959 . ‡i32269001191983 ‡lJ 973.92 Han ‡aJuvenile - NonFiction ‡tHardback ‡g30.00
852 . ‡p32269001191983 ‡jJ 973.92 Han ‡gJuvenile - NonFiction ‡cHardback ‡y30.00 ‡bSBPL
901 . ‡a153598 ‡bUnknown ‡c153598 ‡tbiblio

Additional Resources